Framework for finger vein recognition based on deep convolutional networks

Saved in:
Bibliographic Details
Main Author: Kovač, Ivan (Author)
Other Authors: Marák, Pavol (Thesis advisor)
Format: Manuscript Book
Language:Slovak
English
Published: Bratislava : STU v Bratislave FEI, 2022
Subjects:
Online Access:https://opac.crzp.sk/?fn=detailBiblioFormChildS5UD&sid=D9F0BB0A8DA9926981A692D31B33&seo=CRZP-detail-kniha
Tags: Add Tag
No Tags, Be the first to tag this record!

MARC

LEADER 00000ntm a22000003a 4500
001 stuzp88815
003 SK-STU
005 20230206132132.0
007 ta
008 150427s2015----xo-----f-mn---000-0-slo-d
040 |a STU  |b slo 
041 0 |a eng 
044 |a xo 
100 1 |a Kovač, Ivan  |u 035000  |4 aut  |U FEI Fakulta elektrotechniky a informatiky  |T FEI Ústav informatiky a matematiky  |X 86218  |U E050  |Y 816  |7 86218 
242 0 1 |a Framework na rozpoznávanie prostredníctvom obrazcov ciev prsta založený na hlbokých konvolučných sieťach  |y slo 
245 1 0 |a Framework for finger vein recognition based on deep convolutional networks 
260 |a Bratislava :  |b STU v Bratislave FEI,  |c 2022 
300 |a 151 s., príl. 
650 4 |a rozpoznávanie prostredníctvom obrazcov ciev prsta  |2 slo 
650 4 |a konvolučná neurónová sieť  |2 slo 
650 4 |a detekcia falšovania identity  |2 slo 
650 4 |a sémantická segmentácia  |2 slo 
650 4 |a Gaborov filter  |2 slo 
650 4 |a semantic segmentation  |2 eng 
650 4 |a convolutional neural network  |2 eng 
650 4 |a finger vein recognition  |2 eng 
650 4 |a spoof detection  |2 eng 
650 4 |a Gabor filter  |2 eng 
700 1 |a Marák, Pavol  |u 035000  |k Z1  |4 ths  |U FEI Fakulta elektrotechniky a informatiky  |T FEI Ústav informatiky a matematiky  |X 50790  |U E050  |Y 816  |7 A000050790 
856 4 |u https://opac.crzp.sk/?fn=detailBiblioFormChildS5UD&sid=D9F0BB0A8DA9926981A692D31B33&seo=CRZP-detail-kniha